| 000 | 00797nam a2200217 a 4500 | ||
|---|---|---|---|
| 005 | 20240913063946.0 | ||
| 008 | 991125s1999 bar 000 0 spa u | ||
| 020 | _a8474321379 | ||
| 035 | _aUPN01000009780 | ||
| 049 | _aCG | ||
| 050 | 4 |
_aLB2369 _bE2.2a 1999 |
|
| 100 | 1 |
_aEco, Umberto, _d1932-2016 _930161 |
|
| 245 | 1 | 0 |
_aCómo se hace una tesis : _btécnica y procedimientos de estudio, investigación y escritura / _cpor Umberto Eco ; tr. de Lucia Baranda y Alberto Claveriu Ibañez. |
| 250 | _a23a ed. | ||
| 260 |
_aBarcelona, Esp. : _bGedisa, _c1999. |
||
| 300 | _a267 p. | ||
| 440 | 0 |
_aLibertad y cambio. _pSerie práctica |
|
| 650 | 2 |
_aTesis y disertaciones académicas _xMetodología _914125 |
|
| 740 | 0 | _aTécnicas y procedimientos de estudio, investigación y escritura | |
| 905 | _aLibro | ||
| 999 |
_c9780 _d9780 |
||